00766nam a2200241 a 450000100060000000300080000600500170001400800410003103500190007204000420009104100080013308200200014110000320016124500290019326000340022230000350025649000320029150400500032365100350037365100360040865100480044483000320049227233BD-RjUL20211209051129.0140324t1955 enka b 001 0 eng d a(BD-RjUL)27305 aAZNcAZNdOCLdPLFdBD-RjULdEQObeng aeng04a956.1bLET 19551 aLewis, Geoffrey,d1920-200810aTurkey /cby G.L. Lewis. aNew york :bFrederick,c1955. axiii, 222 p. :bill. ;c22 cm.1 aNations of the modern world aincludes Bibliographical reference and index. 0aTurkeyxHistoryy20th century. 0aTurkeyxDescription and travel. 0aTurkeyxHistoryyOttoman Empire, 1288-1918. 0aNations of the modern world